Symmetrical Flags (Top to Bottom) - Statistics

General Stats
  • This quiz has been taken 29 times
  • The average score is 23 of 35
Answer Stats
Answer % Correct
Austria
82%
Japan
82%
Denmark
76%
Finland
76%
France
76%
Iceland
76%
Italy
76%
Norway
76%
Sweden
76%
Bangladesh
71%
Belgium
71%
Ireland
71%
Israel
71%
Jamaica
71%
Peru
71%
Switzerland
71%
Thailand
71%
Chad
65%
Laos
65%
Nigeria
65%
Palau
65%
Romania
65%
Botswana
59%
Costa Rica
59%
Georgia
59%
Guinea
59%
Ivory Coast
59%
Latvia
59%
Mali
59%
Bahamas
53%
Guyana
53%
Bahrain
47%
North Macedonia
47%
Qatar
47%
Maldives
41%
No matching quizzes found
Score Distribution
Percent of People with Each Score
Percentile by Number Answered
Your Score History
You have not taken this quiz